Shrand on The Sectional Titles Act / (Record no. 366)

MARC details
000 -LEADER
fixed length control field 00542nam a22001697a 4500
005 - DATE AND TIME OF INPUT
control field 20231107105738.0
008 - DATA ELEMENTS--GENERAL INFORMATION
fixed length control field 231107b |||||||| |||| 00| 0 eng d
020 ## - INTERNATIONAL STANDARD BOOK NUMBER
International Standard Book Number 0869940031
041 ## - LANGUAGE CODE
Language code of text English
082 ## - SHELF NUMBER
DDC number 346.43 SHR
100 ## - MAIN AUTHOR
Main author's name Shrand, D
Language of a work English
245 ## - TITLE STATEMENT
Title Shrand on The Sectional Titles Act /
Statement of responsibility, etc. D Shrand
260 ## - PUBLICATION, DISTRIBUTION, ETC.
Place of publication, distribution, etc. Cape Town :
Name of publisher, distributor, etc. Legal and Financial Publishing Company (Pty) Ltd,
Date of publication, distribution, etc. 1972
300 ## - PHYSICAL DESCRIPTION
Other physical details xiii, 204 pages ;
Dimensions 346.43 SHR
650 ## - SUBJECT`
Broad subject Legal practice
Own subject terms Law
942 ## - ADDED ENTRY ELEMENTS (KOHA)
Item type Books
942 ## - ADDED ENTRY ELEMENTS (KOHA)
-- ALISON_BN_VRIES
Holdings
Source of classification or shelving scheme Not for loan Collection code Home library Current library Shelving location Date acquired Full call number Barcode Price effective from Koha item type
Dewey Decimal Classification   TEXT BOOKS LAW SOCIETY OF NAMIBIA LIBRARY - WINDHOEK LAW SOCIETY OF NAMIBIA LIBRARY - WINDHOEK Property law 11/07/2023 346.43 SHR LSN/1986/63 11/07/2023 Books